Prueba de Zamora - Estadísticas

Estadísticas generales
  • Esta prueba ha sido intentada 27 veces
  • La puntuación promedio es 9 de 16
Estadísticas de respuestas
Pregunta Respuesta % Correcto
Lago de origen glaciar ubicado en el norte de la provincia Lago de Sanabria
93%
Lenguas habladas en la provincia, además del castellano Leonés/ Gallego
86%
Producto lácteo muy típico de la provincia Queso zamorano
86%
Localidad zamorana, una de las más pobladas de la provincia, famosa por su conjunto histórico y por su vino. Toro
79%
Segunda localidad más poblada de la provincia Benavente
71%
Festividad religiosa de gran calado en la cultura zamorana, en especial en la capital Semana Santa
71%
Espacio natural protegido en el este de la provincia, conjunto de humedales y zonas encharcadas que atraen todo tipo de aves como grullas o avutardas. Lagunas de Villafafila
64%
Streamer, influencer y youtuber nacido en la localidad de Toro Yo Soy Plex
64%
Piloto de motociclismo, campeón del mundo en varias ocasiones, nacido en Zamora Ángel Nieto
57%
Partido que lleva una década gobernando en la capital Izquierda Unida
50%
Cadena montañosa al oeste de la provincia, hogar de lobos y ciervos, escenario habitual de incendios forestales Sierra de la Culebra
43%
Comarca en la que se encuentra dicho espacio; compartida con Valladolid, León y Palencia. Zona clave en la producción agrícola de Castilla y León Tierra de Campos
36%
Plato de pesca originario de dicha zona y típico de la cocina zamorana Trucha Sanabresa
36%
Dulce a base de huevos, anís, aceite y harina Aceitada
29%
Construcción típica tanto de esa comarca como del campo zamorano Palomar
21%
Plato de matanza consistente de cerdo, pan y miel Turriyones
0%
No se encontraron pruebas coincidentes
Distribución de puntuación
Porcentaje de gente con cada puntuación
Porcentaje por número respondido
Historial de tus puntuaciones
No has intentado esta prueba.